000 00465nam a2200133 i 4500
001 bg
245 0 _aAktualne problemy naukowo-badawcze konstrukcji żelbetowych i metalowych :
_bIII Sympozjum Naukowe Politechnik Lubelskiej i Brzeskiego Instytutu Politechnicznego, Kazimierz nad Wisłą 17-19 maja 1990 roku.
260 _aLublin,
_c1990.
040 _cBPK
041 _apol
080 _a624.01(061.3)
942 _cKS
008 s pl f |000 0 pol
999 _c29391
_d29391
856 _uhttp://koha.tu.koszalin.pl/cgi-bin/koha/opac-detail.pl?biblionumber=29391
_yKatalog online BPK